| 000 | 00205nam a22000737a 4500 | ||
|---|---|---|---|
| 999 |
_c23996 _d23996 |
||
| 003 | Nust | ||
| 005 | 20170515122027.0 | ||
| 008 | 140430b xxu||||| |||| 00| 0 eng d | ||
| 020 |
_cAvailable _a8177587463 |
||
| 040 |
_aDLC _bDLC _cRCMS |
||
| 082 | _a006.5 QUA | ||
| 100 |
_aQuatrani,Thomas F _9722 |
||
| 245 |
_aDiscrete-Time Speech Signal Processing _bPrinciples and Practice |
||
| 260 |
_aIndia _bPearson Education _cc2002 |
||
| 300 |
_axix,779,p: _bill: _c26,cm. |
||
| 538 | _iShelf # 15, Row # 3, Communication. | ||
| 650 |
_aSignal Processing _9723 |
||
| 856 | _3Table of Content Only. | ||
| 942 |
_2ddc _cBK _k006.5 QUA |
||